000 00275nam a22001217a 4500
082 _a821
_bJAM/N
100 _aJAMES, JIJI
245 _aNURSERY RHYMES AND STORIES
260 _aTHRISSUR
_bH7C PUBLISHING HOUSE
300 _a48
650 _aPOEMS &STORIES
_zKERALA
942 _cBK
999 _c4024
_d4024